Casa Provincial de Caridad : hogares 'Ana Gironella de Mundet' : plan de reorganización y actividades (sección de niñas) hogares 'Ana Gironella de Mundet' :
Descripción Física:
19 p. : il. ; 17 cm
MARC
| LEADER | 00000nam a2200000Ia 4500 | ||
|---|---|---|---|
| 001 | 20039 | ||
| 008 | 160829s1958 xx 000 0 cat d | ||
| 080 | |a FU-11-41 | ||
| 245 | |a Casa Provincial de Caridad : |b hogares 'Ana Gironella de Mundet' : |b plan de reorganización y actividades (sección de niñas) | ||
| 260 | |a Barcelona : |b Casa Provincial de Caridad, Imprenta - Escuela, |c 1958 | ||
| 300 | |a 19 p. : |b il. ; |c 17 cm | ||
| 650 | |a Casa de Caritat (Barcelona) |x Reorganització |9 45151 | ||
| 650 | |a Llars Mundet |x Reorganització |9 45152 | ||
| 710 | |a Casa de Caritat (Barcelona, Catalunya) |9 52406 | ||
| 901 | |a Arxiu | ||
| 942 | |n 1 | ||
| 952 | |0 0 |1 0 |4 0 |6 FU1141 |7 1 |9 52399 |a Arxiu |b Arxiu |d 2016-12-01 |l 0 |o FU-11-41 |p 20039 |r 2016-12-01 00:00:00 |w 2016-12-01 |y ARXIU | ||
| 999 | |c 56247 |d 56247 | ||